Tunnettuja suomenruotsalaisia - Statistics

Yleistilastot
  • Tätä visaa on pelattu 279 kertaa
  • Keskiarvotulos 11 / 15
Vastaustilastot
Vastaus % Oikein
Jean Sibelius
97%
Tove Jansson
94%
C. G. E. Mannerheim
92%
Karl Fazer
91%
Linda Lampenius
90%
Li Andersson
84%
Akseli Gallén-Kallela
83%
J. L. Runeberg
78%
Björn Wahlroos
73%
Linus Torvalds
70%
Elisabeth Rehn
68%
Marcus Grönholm
65%
J. V. Snellman
62%
Kevin Lankinen
33%
Lasse Pöysti
11%
Ehtoja vastaavia visoja ei löytynyt
Tulosjakauma
Jokaisen tuloksen saaneiden osuus
Persentiili vastausten määrän mukaan
Tuloshistoriasi
Et ole pelannut tätä visaa